000
00284nam a2200121Ia 4500
008
191201s2014 xx 000 0 und d
100
_a
PUNMIA, B.C
245
0
_a
Water Supply Engineering
260
_a
N. Delhi
_b
Laxmi
_c
2014
300
_a
584
650
_a
B.Tech(CE)
942
_2
ddc
_c
BK
999
_c
6173
_d
6173